zpět

Detail výsledku týmu

U Dvou dobráků PO, Opava

Datum a čas kvízu

34 Celkem bodů Celkový počet nahraných bodů na tomto kvízu bez doplňovacích otázek.
11. Pořadí na kvízu Konečné umístění týmu na tomto kvízu.

Zaznamenané odpovědi

# Otázka Odpověď Body Výsledky
1. Novinářskou cenu Ferdinanda Pe... 0
2. Podle čínského kalendáře vstou... 0.5
3. Známý britský herec a komik od... 0
4. Společnost Google minulý týden... 1
5. Jak se jmenuje trenér, který v... 1
6. O Venezuele se poslední dobou... 0
7. Důvodem, proč se o Venezuele m... 1
8. Jak se slovy na V a K česky ří... 0
9. Jak se jmenuje jedna z největš... 1
10. Vzhledem k přírodním podmínkám... 1